Fundamentals of communications systems / (Record no. 3383)
[ view plain ]
| 000 -LEADER | |
|---|---|
| fixed length control field | 00582nam a22001932 4500 |
| 001 - CONTROL NUMBER | |
| control field | 0000009172 |
| 005 - DATE AND TIME OF LATEST TRANSACTION | |
| control field | 20151217145847.0 |
| 008 - FIXED-LENGTH DATA ELEMENTS--GENERAL INFORMATION | |
| fixed length control field | 080910s xx 000 0 eng d |
| 020 ## - INTERNATIONAL STANDARD BOOK NUMBER | |
| International Standard Book Number | 0070222960 : |
| Terms of availability | KES 1355 |
| 040 ## - CATALOGING SOURCE | |
| Original cataloging agency | KABU |
| Transcribing agency | KABU |
| 100 1# - MAIN ENTRY--PERSONAL NAME | |
| Personal name | Fitz, Michael P. |
| -- | 0000160250 |
| 245 10 - TITLE STATEMENT | |
| Title | Fundamentals of communications systems / |
| Statement of responsibility, etc. | Michael P. Fitz. |
| 260 ## - PUBLICATION, DISTRIBUTION, ETC. (IMPRINT) | |
| Place of publication, distribution, etc. | New Delhi : |
| Name of publisher, distributor, etc. | Tata McGraw-Hill, |
| Date of publication, distribution, etc. | 2007. |
| 300 ## - PHYSICAL DESCRIPTION | |
| Extent | various paging. |
| 650 #0 - SUBJECT ADDED ENTRY--TOPICAL TERM | |
| Topical term or geographic name as entry element | Telecommunication systems. |
| -- | 0000154288 |
| 908 ## - PUT COMMAND PARAMETER (RLIN) | |
| Put command parameter | 080910 |
| 950 ## - LOCAL HOLDINGS (RLIN) | |
| -- | 1 |
| Withdrawn status | Lost status | Source of classification or shelving scheme | Not for loan | Home library | Current library | Date acquired | Total Checkouts | Full call number | Barcode | Date last seen | Date last checked out | Price effective from | Koha item type |
|---|---|---|---|---|---|---|---|---|---|---|---|---|---|
| Library of Congress Classification | Kabarak, Main Campus | Kabarak, Main Campus | 17/12/2015 | 1 | TK5101 .F58 c. 1 | 009071 | 31/05/2019 | 15/05/2019 | 17/12/2015 | General Collection | |||
| Library of Congress Classification | Kabarak, Main Campus | Kabarak, Main Campus | 17/12/2015 | TK5101 .F58 c. 2 | 009072 | 17/12/2015 | 17/12/2015 | General Collection | |||||
| Library of Congress Classification | Kabarak, Main Campus | Kabarak, Main Campus | 17/12/2015 | TK5101 .F58 c. 3 | 18882 | 17/12/2015 | 17/12/2015 | General Collection |